| 000 | 01258nam a2200241Ia 4500 | ||
|---|---|---|---|
| 999 |
_c47227 _d47227 |
||
| 001 | 14087 | ||
| 003 | GE_BSU | ||
| 005 | 20220211115507.0 | ||
| 008 | 181216s20132014ge |||||||||||||| ||geo|| | ||
| 020 | _a19879563 | ||
| 040 | _cGE_BSU | ||
| 041 | _ageo | ||
| 080 | _a930.2(479.22)(093) ქ-27 | ||
| 245 |
_aქართული წყაროთმცოდნეობა= Georgian Source-Studies : _bN15-16 / _c რედაქტორები: გიული ალასანია და მარიამ ჩხარტიშვილი. |
||
| 264 |
_aთბილისი : _bუნივერსალი, _c2013/2014. |
||
| 300 |
_a349 გვ.: _bილ.; _c29 სმ. |
||
| 500 | _aტექსტი ქართულ, რუსულ და ინგლისურ ენებზე. | ||
| 653 | _aქართული წყაროთმცოდნეობა | ||
| 700 |
_aალასანია, გიული _eრედაქტორი _913521 |
||
| 700 |
_aჩხარტიშვილი, მარიამ _eრედაქტორი _913522 |
||
| 856 |
_uhttps://dspace.nplg.gov.ge/bitstream/1234/81518/1/Qartuli_Wkarotmcodneoba_2013-2014_N15-16.pdf _yელ. ვერსია. pdf |
||
| 942 |
_cBK _2udc |
||